Carta a Los Romanos: introducción, versión y comentario.
Salvato in:
| Autore principale: | |
|---|---|
| Natura: | Libro |
| Pubblicazione: |
Pamplona, España:
Verbo Divino,
2013.
|
| Soggetti: | |
| Tags: |
Aggiungi Tag
Nessun Tag, puoi essere il primo ad aggiungerne!!
|
MARC
| LEADER | 00000cam a2200000 a 4500 | ||
|---|---|---|---|
| 001 | UCD1089 | ||
| 003 | CL-VaPUC | ||
| 005 | 20221024124911.0 | ||
| 008 | 221024t2013 ||||| |||| 00| 0 eng d | ||
| 020 | |a 978-84-9945-314-9 | ||
| 040 | |c Pontificia Universidad Católica de Valparaíso | ||
| 082 | 0 | 4 | |a 227.1 PEN 2013 |2 21 |
| 100 | 0 | |a Penna, Romano |e autor |9 584183 | |
| 245 | 1 | 0 | |a Carta a Los Romanos: introducción, versión y comentario. |
| 260 | |a Pamplona, España: |b Verbo Divino, |c 2013. | ||
| 300 | |a 1358 páginas. | ||
| 583 | |a last modification |c 20160107 17:53:00 |k Rodrigo Vera | ||
| 650 | 0 | |a Nuevo testamento |9 257604 | |
| 650 | 0 | |a Carta a los romanos |2 CL-VaPUC |9 584184 | |
| 942 | |c BK |2 ddc | ||
| 945 | |d 20160107 17:53:00 |a dcastane | ||
| 999 | |c 362514 |d 362512 | ||
| 952 | |0 0 |1 0 |3 erb |4 0 |6 227_100000000000000_PEN_2013 |7 0 |8 A |9 473808 |a BIBTEO |b BIBTEO |i 5259983 |o 227.1 PEN 2013 |p 5259983 |r 2025-01-17 |w 2019-11-24 |y BK |z Catalogado en:20160107 |k ICR | ||
| 952 | |0 0 |1 0 |2 ddc |4 0 |6 227_100000000000000_PEN_2013 |7 0 |8 A |9 587369 |a BIBTEO |b BIBTEO |c GEN |d 2022-10-18 |e 3 |g 90309.00 |i 5655268 |o 227.1 PEN 2013 |p 5655268 |r 2025-01-17 |t 2 |v 90309.00 |w 2022-10-18 |y BK |k ICR | ||